|
|
|
|
| LEADER |
00000nam a2200000 a 4500 |
| 001 |
vtls001331630 |
| 003 |
SK-MaSNL |
| 005 |
20260301160232.0 |
| 008 |
240314s1998 DE a ger |
| 020 |
|
|
|a 351707909X
|c b.c.
|
| 035 |
|
|
|a SNK000284515
|
| 035 |
|
|
|a urn:nbn:sk:snk-amtjqs
|
| 035 |
|
|
|a urn:nbn:sk:snk-am00c5s2
|
| 035 |
|
|
|a A6B8EB20-CB03-4A77-BC91-E0E0CB54F344
|
| 040 |
|
|
|a SNK
|b slo
|c SNK
|e AACR2
|
| 041 |
0 |
|
|a ger
|
| 044 |
|
|
|a DE
|
| 080 |
|
|
|a 72(100)(091)(084.12)
|2 1981
|
| 100 |
1 |
|
|a Pothorn, Herbert
|4 aut
|9 287475
|
| 245 |
1 |
4 |
|a Das grosse Buch der Baustile
|b die Epochen der abendländischen Baukunst und die Baustile der aussereuropäischen Kulturkreise
|c Herbert Pothorn, fortgeführt von Christoph Hackelsberger
|
| 250 |
|
|
|a 3. Aufl.
|
| 260 |
|
|
|a München
|b Südwest
|c 1998
|
| 300 |
|
|
|a 207 s., [21] s. fareb. fot. príl.
|c 30 cm
|
| 650 |
0 |
7 |
|a architektúra svetová
|x dejiny
|x state a fotografie
|2 SNK
|9 287476
|
| 700 |
1 |
|
|a Hackelsberger, Christoph
|4 aut
|9 287477
|
| 919 |
|
|
|a 3-517-07909-X
|
| 958 |
|
|
|a OND
|
| 999 |
|
|
|c 804613
|d 806543
|
| 952 |
|
|
|t P60, <03>, [BOOK], {603}
|a SNK
|b SNK
|y PREZ
|7 0
|p 17A0153320
|o snkSB 59216
|i snkKSP 7538/98
|0 0
|1 0
|4 0
|d 1998-08-10
|f 1
|l 0
|r 2025-04-11 00:00:00
|w 2026-02-24
|